{"text_format":"3","workbook":"xlsx","n_sheets":1,"sheets":["t23"],"read":"whole","date_system":"1900"}

{"sheet":"t23","index":0,"n_rows":168,"n_cols":7,"rows_kept":168,"merged":[[0,0,0,6],[30,0,30,5],[46,0,46,5],[148,0,148,5]]}
["TABELA 23.1 - Estatísticas Agrícolas, Município de Analândia, Estado de São Paulo, 2007/08."]
["ITEM","UNIDADE","N.DE UPAs","MÍNIMO","MÉDIO","MÁXIMO","TOTAL"]
["Distância à sede do município","km",225,{"v":1,"d":"1.0"},{"v":9.55,"d":"9.6"},{"v":19,"d":"19.0"},"-"]
["Área total","hectare",225,2.1,{"v":143.43,"d":"143.4"},{"v":2035.2,"d":"2,035.2"},{"v":32271.3,"d":"32,271.3"}]
["Área com cultura perene","hectare",67,0.5,{"v":88.68,"d":"88.7"},{"v":1850,"d":"1,850.0"},{"v":5941.5,"d":"5,941.5"}]
["Área com cultura temporária","hectare",124,0.5,{"v":60.51,"d":"60.5"},{"v":1430,"d":"1,430.0"},{"v":7503.5,"d":"7,503.5"}]
["Área com pastagem","hectare",203,0.5,{"v":58.78,"d":"58.8"},{"v":700,"d":"700.0"},{"v":11932.6,"d":"11,932.6"}]
["Área com reflorestamento","hectare",96,0.5,{"v":32.87,"d":"32.9"},{"v":980,"d":"980.0"},{"v":3155.5,"d":"3,155.5"}]
["Área com vegetação natural","hectare",183,0.5,{"v":16.44,"d":"16.4"},{"v":244,"d":"244.0"},{"v":3008.6,"d":"3,008.6"}]
["Área com vegetação de brejo e várzea","hectare",102,0.5,{"v":1.66,"d":"1.7"},{"v":10,"d":"10.0"},169.5]
["Área em descanso","hectare",58,0.5,{"v":3.54,"d":"3.5"},{"v":30,"d":"30.0"},205.5]
["Área complementar","hectare",209,0.3,1.7,20.2,354.6]
["Área das UPAs com (0, 1] ha","hectare","-","-","-","-","-"]
["Área das UPAs com (1, 2] ha","hectare","-","-","-","-","-"]
["Área das UPAs com (2, 5] ha","hectare",16,2.1,{"v":3.11,"d":"3.1"},{"v":5,"d":"5.0"},49.8]
["Área das UPAs com (5, 10] ha","hectare",14,7.2,{"v":8.66,"d":"8.7"},9.6,121.2]
["Área das UPAs com (10, 20] ha","hectare",25,10.2,{"v":15.49,"d":"15.5"},19.5,387.2]
["Área das UPAs com (20, 50] ha","hectare",53,21.6,35.4,49.9,{"v":1876.1,"d":"1,876.1"}]
["Área das UPAs com (50, 100] ha","hectare",41,50.8,{"v":72.55,"d":"72.6"},95.1,{"v":2974.6,"d":"2,974.6"}]
["Área das UPAs com (100, 200] ha","hectare",30,101.6,{"v":137.02,"d":"137.0"},195.5,{"v":4110.5,"d":"4,110.5"}]
["Área das UPAs com (200, 500] ha","hectare",34,{"v":202,"d":"202.0"},{"v":323.14,"d":"323.1"},{"v":484,"d":"484.0"},{"v":10986.8,"d":"10,986.8"}]
["Área das UPAs com (500, 1.000] ha","hectare",8,573.6,{"v":700.41,"d":"700.4"},900.6,{"v":5603.3,"d":"5,603.3"}]
["Área das UPAs com (1.000, 2.000] ha","hectare",3,{"v":1089,"d":"1,089.0"},{"v":1375.53,"d":"1,375.5"},{"v":1541,"d":"1,541.0"},{"v":4126.6,"d":"4,126.6"}]
["Área das UPAs com (2.000, 5.000] ha","hectare",1,{"v":2035.2,"d":"2,035.2"},{"v":2035.2,"d":"2,035.2"},{"v":2035.2,"d":"2,035.2"},{"v":2035.2,"d":"2,035.2"}]
["Área das UPAs com (5.000, 10.000] ha","hectare","-","-","-","-","-"]
["Área das UPAs acima de 10.000 ha","hectare","-","-","-","-","-"]
["Familiares do proprietário que trabalham na UPA","unidade",146,{"v":1,"d":"1.0"},{"v":1.53,"d":"1.5"},{"v":12,"d":"12.0"},{"v":223,"d":"223.0"}]
["Trabalhadores permanentes","unidade",142,{"v":1,"d":"1.0"},{"v":3.53,"d":"3.5"},{"v":120,"d":"120.0"},{"v":501,"d":"501.0"}]
["Fonte: Secretaria de Agricultura e Abastecimento, CDRS/IEA, Projeto LUPA."]
[]
["TABELA 23.2 - Explorações Animais, Município de Analândia, Estado de São Paulo, 2007/08."]
["ITEM","UNIDADE","N.DE UPAs","MÍNIMO","MÉDIO","MÁXIMO","TOTAL"]
["Asininos E Muares","cabeças",19,{"v":1,"d":"1.0"},{"v":1.89,"d":"1.9"},{"v":5,"d":"5.0"},{"v":36,"d":"36.0"}]
["Avicultura de Corte","cabeças/ano",8,{"v":50,"d":"50.0"},{"v":161643.75,"d":"161,643.8"},{"v":864000,"d":"864,000.0"},{"v":1293150,"d":"1,293,150.0"}]
["Avicultura Ornamental/Decorativa/Exótica","cabeças",2,{"v":25,"d":"25.0"},37.5,{"v":50,"d":"50.0"},{"v":75,"d":"75.0"}]
["Avicultura para Ovos","cabeças",14,{"v":25,"d":"25.0"},{"v":2417.5,"d":"2,417.5"},{"v":33000,"d":"33,000.0"},{"v":33845,"d":"33,845.0"}]
["Bovinocultura de Corte","cabeças",36,{"v":5,"d":"5.0"},{"v":124.03,"d":"124.0"},{"v":1830,"d":"1,830.0"},{"v":4465,"d":"4,465.0"}]
["Bovinocultura Leiteira","cabeças",10,{"v":5,"d":"5.0"},65.5,{"v":300,"d":"300.0"},{"v":655,"d":"655.0"}]
["Bovinocultura Mista","cabeças",74,{"v":3,"d":"3.0"},{"v":69.55,"d":"69.6"},{"v":380,"d":"380.0"},{"v":5147,"d":"5,147.0"}]
["Caprinocultura","cabeças",6,{"v":10,"d":"10.0"},{"v":33.33,"d":"33.3"},{"v":50,"d":"50.0"},{"v":200,"d":"200.0"}]
["Equinocultura","cabeças",160,{"v":1,"d":"1.0"},{"v":5.07,"d":"5.1"},{"v":62,"d":"62.0"},{"v":811,"d":"811.0"}]
["Ovinocultura","cabeças",3,{"v":10,"d":"10.0"},{"v":113.33,"d":"113.3"},{"v":250,"d":"250.0"},{"v":340,"d":"340.0"}]
["Piscicultura","m² tanques",69,{"v":25,"d":"25.0"},{"v":4018.04,"d":"4,018.0"},{"v":40000,"d":"40,000.0"},{"v":277245,"d":"277,245.0"}]
["Suinocultura","cabeças",27,{"v":3,"d":"3.0"},{"v":102.81,"d":"102.8"},{"v":1000,"d":"1,000.0"},{"v":2776,"d":"2,776.0"}]
["Fonte: Secretaria de Agricultura e Abastecimento, CDRS/IEA, Projeto LUPA."]
[]
["TABELA 23.3 -  Máquinas, Implementos e Benfeitorias, Município de Analândia, Estado de São Paulo, 2007/08."]
["ITEM","UNIDADE","N.DE UPAs","MÍNIMO","MÉDIO","MÁXIMO","TOTAL"]
["Arado Comum (Bacia, Aiveca)","Unidade",137,{"v":1,"d":"1.0"},{"v":1.09,"d":"1.1"},{"v":3,"d":"3.0"},{"v":149,"d":"149.0"}]
["Arado Escarificador","Unidade",9,{"v":1,"d":"1.0"},{"v":1.44,"d":"1.4"},{"v":3,"d":"3.0"},{"v":13,"d":"13.0"}]
["Arado Subsolador","Unidade",5,{"v":1,"d":"1.0"},1.2,{"v":2,"d":"2.0"},{"v":6,"d":"6.0"}]
["Batedeira de Cereais","Unidade",5,{"v":1,"d":"1.0"},{"v":1,"d":"1.0"},{"v":1,"d":"1.0"},{"v":5,"d":"5.0"}]
["Câmara Fria","Unidade",2,{"v":1,"d":"1.0"},2.5,{"v":4,"d":"4.0"},{"v":5,"d":"5.0"}]
["Carregadeira de Cana","Unidade",1,{"v":1,"d":"1.0"},{"v":1,"d":"1.0"},{"v":1,"d":"1.0"},{"v":1,"d":"1.0"}]
["Colhedeira Acoplada","Unidade",1,{"v":1,"d":"1.0"},{"v":1,"d":"1.0"},{"v":1,"d":"1.0"},{"v":1,"d":"1.0"}]
["Colhedeira Automotriz","Unidade",1,{"v":1,"d":"1.0"},{"v":1,"d":"1.0"},{"v":1,"d":"1.0"},{"v":1,"d":"1.0"}]
["Conj.Irrigação Convencional","Unidade",5,{"v":1,"d":"1.0"},1.2,{"v":2,"d":"2.0"},{"v":6,"d":"6.0"}]
["Conj.Irrigação/Gotejamento/Microaspersão","Unidade",1,{"v":1,"d":"1.0"},{"v":1,"d":"1.0"},{"v":1,"d":"1.0"},{"v":1,"d":"1.0"}]
["Desintegrador, Picador, Triturador","Unidade",118,{"v":1,"d":"1.0"},{"v":1.58,"d":"1.6"},{"v":8,"d":"8.0"},{"v":187,"d":"187.0"}]
["Distribuidor de Calcário","Unidade",1,{"v":2,"d":"2.0"},{"v":2,"d":"2.0"},{"v":2,"d":"2.0"},{"v":2,"d":"2.0"}]
["Ensiladeira","Unidade",14,{"v":1,"d":"1.0"},{"v":1.21,"d":"1.2"},{"v":3,"d":"3.0"},{"v":17,"d":"17.0"}]
["Grade Aradora (Tipo Romi)","Unidade",37,{"v":1,"d":"1.0"},{"v":1.41,"d":"1.4"},{"v":5,"d":"5.0"},{"v":52,"d":"52.0"}]
["Grade Niveladora","Unidade",40,{"v":1,"d":"1.0"},{"v":1.08,"d":"1.1"},{"v":2,"d":"2.0"},{"v":43,"d":"43.0"}]
["Implementos para Tração Animal","Unidade",1,{"v":1,"d":"1.0"},{"v":1,"d":"1.0"},{"v":1,"d":"1.0"},{"v":1,"d":"1.0"}]
["Microtrator","Unidade",2,{"v":1,"d":"1.0"},{"v":1,"d":"1.0"},{"v":1,"d":"1.0"},{"v":2,"d":"2.0"}]
["Misturador de Ração","Unidade",8,{"v":1,"d":"1.0"},{"v":1.13,"d":"1.1"},{"v":2,"d":"2.0"},{"v":9,"d":"9.0"}]
["Ordenhadeira Mecânica","Unidade",9,{"v":1,"d":"1.0"},{"v":1,"d":"1.0"},{"v":1,"d":"1.0"},{"v":9,"d":"9.0"}]
["Pulverizador Tratorizado","Unidade",36,{"v":1,"d":"1.0"},{"v":2.06,"d":"2.1"},{"v":16,"d":"16.0"},{"v":74,"d":"74.0"}]
["Resfriador de Leite, Tanque Expansão","Unidade",16,{"v":1,"d":"1.0"},{"v":1,"d":"1.0"},{"v":1,"d":"1.0"},{"v":16,"d":"16.0"}]
["Semeadeira/Adubadeira para Plantio Convencional","Unidade",30,{"v":1,"d":"1.0"},{"v":1.57,"d":"1.6"},{"v":14,"d":"14.0"},{"v":47,"d":"47.0"}]
["Semeadeira/Plantadeira Plantio Direto","Unidade",7,{"v":1,"d":"1.0"},{"v":1,"d":"1.0"},{"v":1,"d":"1.0"},{"v":7,"d":"7.0"}]
["Terraceador","Unidade",2,{"v":1,"d":"1.0"},1.5,{"v":2,"d":"2.0"},{"v":3,"d":"3.0"}]
["Trator de Esteiras","Unidade",9,{"v":1,"d":"1.0"},{"v":1.11,"d":"1.1"},{"v":2,"d":"2.0"},{"v":10,"d":"10.0"}]
["Trator de Pneus","Unidade",143,{"v":1,"d":"1.0"},{"v":1.66,"d":"1.7"},{"v":25,"d":"25.0"},{"v":237,"d":"237.0"}]
["Açude/Represa","Unidade",83,{"v":1,"d":"1.0"},{"v":1.95,"d":"2.0"},{"v":8,"d":"8.0"},{"v":162,"d":"162.0"}]
["Almoxarifado/Oficina","Unidade",13,{"v":1,"d":"1.0"},{"v":1.23,"d":"1.2"},{"v":2,"d":"2.0"},{"v":16,"d":"16.0"}]
["Armazém para Grãos Ensacados","Sacas",10,{"v":200,"d":"200.0"},{"v":2610,"d":"2,610.0"},{"v":10000,"d":"10,000.0"},{"v":26100,"d":"26,100.0"}]
["Balança para Bovinos","Unidade",7,{"v":1,"d":"1.0"},{"v":1,"d":"1.0"},{"v":1,"d":"1.0"},{"v":7,"d":"7.0"}]
["Balança para Veículos","Unidade",2,{"v":1,"d":"1.0"},{"v":1,"d":"1.0"},{"v":1,"d":"1.0"},{"v":2,"d":"2.0"}]
["Barracão para Bicho da Seda/Sirgaria","Unidade",1,{"v":1,"d":"1.0"},{"v":1,"d":"1.0"},{"v":1,"d":"1.0"},{"v":1,"d":"1.0"}]
["Barracão para Granja/Avicultura","Unidade",9,{"v":1,"d":"1.0"},{"v":4.11,"d":"4.1"},{"v":20,"d":"20.0"},{"v":37,"d":"37.0"}]
["Barracão/Galpão/Garagem","Unidade",132,{"v":1,"d":"1.0"},{"v":1.36,"d":"1.4"},{"v":6,"d":"6.0"},{"v":180,"d":"180.0"}]
["Casa de Moradia Habitada","Unidade",155,{"v":1,"d":"1.0"},{"v":1.82,"d":"1.8"},{"v":14,"d":"14.0"},{"v":282,"d":"282.0"}]
["Casa de Moradia Total","Unidade",179,{"v":1,"d":"1.0"},{"v":2.71,"d":"2.7"},{"v":13,"d":"13.0"},{"v":485,"d":"485.0"}]
["Curral/Mangueira","Unidade",138,{"v":1,"d":"1.0"},{"v":1.18,"d":"1.2"},{"v":10,"d":"10.0"},{"v":163,"d":"163.0"}]
["Depósito/Tulha","Unidade",58,{"v":1,"d":"1.0"},1.1,{"v":4,"d":"4.0"},{"v":64,"d":"64.0"}]
["Estábulo","Unidade",29,{"v":1,"d":"1.0"},1.1,{"v":2,"d":"2.0"},{"v":32,"d":"32.0"}]
["Estufa/Plasticultura","m²",4,{"v":5,"d":"5.0"},{"v":461.25,"d":"461.3"},{"v":1500,"d":"1,500.0"},{"v":1845,"d":"1,845.0"}]
["Fábrica de Ração","Unidade",3,{"v":1,"d":"1.0"},{"v":1,"d":"1.0"},{"v":1,"d":"1.0"},{"v":3,"d":"3.0"}]
["Instalações para Equinos","Unidade",32,{"v":1,"d":"1.0"},{"v":1.53,"d":"1.5"},{"v":4,"d":"4.0"},{"v":49,"d":"49.0"}]
["Máquina de Benefício","Unidade",6,{"v":1,"d":"1.0"},{"v":1,"d":"1.0"},{"v":1,"d":"1.0"},{"v":6,"d":"6.0"}]
["Pocilga","Unidade",30,{"v":1,"d":"1.0"},1.1,{"v":3,"d":"3.0"},{"v":33,"d":"33.0"}]
["Poço Semi-Artesiano","Unidade",21,{"v":1,"d":"1.0"},{"v":1.05,"d":"1.1"},{"v":2,"d":"2.0"},{"v":22,"d":"22.0"}]
["Secador de Grãos","Unidade",2,{"v":1,"d":"1.0"},{"v":1,"d":"1.0"},{"v":1,"d":"1.0"},{"v":2,"d":"2.0"}]
["Silo para Grãos","t",4,{"v":15,"d":"15.0"},{"v":103.75,"d":"103.8"},{"v":200,"d":"200.0"},{"v":415,"d":"415.0"}]
["Silo para Silagem","t",18,{"v":14,"d":"14.0"},{"v":198,"d":"198.0"},{"v":700,"d":"700.0"},{"v":3564,"d":"3,564.0"}]
["Terreiro","m²",21,{"v":30,"d":"30.0"},{"v":1229.52,"d":"1,229.5"},{"v":10000,"d":"10,000.0"},{"v":25820,"d":"25,820.0"}]
["Fonte: Secretaria de Agricultura e Abastecimento, CDRS/IEA, Projeto LUPA."]
[]
["TABELA 23.4 - Outras Estatísticas Agrícolas, Município de Analândia, Estado de São Paulo, 2007/08."]
["ITEM","Número de UPAs",null,"Percentual"]
["Faz Parte de Associação de Produtores",98,null,{"v":43.55555555555556,"d":"43.6"}]
["Faz Parte de Cooperativa de Produtores",117,null,{"v":52,"d":"52.0"}]
["Faz Parte do Sindicato de Produtores",78,null,{"v":34.666666666666664,"d":"34.7"}]
["Não utiliza assistência técnica ",145,null,{"v":64.44444444444444,"d":"64.4"}]
["Utiliza somente assistência técnica governamental ",31,null,{"v":13.777777777777779,"d":"13.8"}]
["Utiliza somente assistência técnica privada ",49,null,{"v":21.77777777777778,"d":"21.8"}]
["Utiliza assistência técnica tanto governamental quanto privada","-",null,"-"]
["Utiliza Crédito Rural",3,null,{"v":1.3333333333333335,"d":"1.3"}]
["Utiliza Seguro Rural",1,null,{"v":0.4444444444444444,"d":"0.4"}]
["Utiliza Escrituração Agrícola",223,null,{"v":99.11111111111111,"d":"99.1"}]
["Acessa Internet p/ Fins na Agropecuária",24,null,{"v":10.666666666666666,"d":"10.7"}]
["Utiliza Computador nas Atividades Agropecuárias",16,null,{"v":7.111111111111111,"d":"7.1"}]
["Utiliza Energia Elétrica Para Uso na Atividade Agrícola",222,null,{"v":98.66666666666666,"d":"98.7"}]
["Realiza Análise de Solo, quando necessário",26,null,{"v":11.555555555555555,"d":"11.6"}]
["Utiliza Práticas de Conservação de Solo, quando necessário",66,null,{"v":29.333333333333336,"d":"29.3"}]
["Faz Adubação Mineral, quando necessário",95,null,{"v":42.22222222222222,"d":"42.2"}]
["Faz Adubação Orgânica, quando necessário",80,null,{"v":35.55555555555555,"d":"35.6"}]
["Faz Adubação Verde, quando necessário",21,null,{"v":9.333333333333332,"d":"9.3"}]
["Utiliza Manejo Integrado de Pragas (MIP)","-",null,"-"]
["Utiliza Hidroponia","-",null,"-"]
["Utiliza Plasticultura",3,null,{"v":1.3333333333333335,"d":"1.3"}]
["Utiliza Mudas Fiscalizadas",28,null,{"v":12.444444444444445,"d":"12.4"}]
["Utiliza Semente Melhorada",9,null,{"v":4,"d":"4.0"}]
["Faz Confinamento de Bovinos",11,null,{"v":4.888888888888889,"d":"4.9"}]
["Utiliza Pastejo Intensivo",5,null,{"v":2.2222222222222223,"d":"2.2"}]
["Faz Inseminação Artificial",6,null,{"v":2.666666666666667,"d":"2.7"}]
["Faz Mineralização do Rebanho",115,null,{"v":51.111111111111114,"d":"51.1"}]
["Faz Vermifugação do Rebanho",115,null,{"v":51.111111111111114,"d":"51.1"}]
["Possui Parceiros /Arrendatários na Exploração Animal",42,null,{"v":18.666666666666664,"d":"18.7"}]
["Esporte e lazer","-",null,"-"]
["Extração mineral",1,null,{"v":0.4444444444444444,"d":"0.4"}]
["Hotel Fazenda, Pousada ou SPA",1,null,{"v":0.4444444444444444,"d":"0.4"}]
["Pesque-pague","-",null,"-"]
["Restaurante ou Lanchonete",1,null,{"v":0.4444444444444444,"d":"0.4"}]
["Transformação artesanal","-",null,"-"]
["Turismo rural ou ecoturismo",1,null,{"v":0.4444444444444444,"d":"0.4"}]
["Outras atividades econômicas rurais","-",null,"-"]
["Agroindústria","-",null,"-"]
["Proprietário sem instrução ou com instrução incompleta","-",null,"-"]
["Proprietário com antigo primário completo",45,null,{"v":20,"d":"20.0"}]
["Proprietário com 1° grau (ou antigo ginasial) completo",18,null,{"v":8,"d":"8.0"}]
["Proprietário com 2° grau (ou antigo colegial) completo",69,null,{"v":30.666666666666668,"d":"30.7"}]
["Proprietário com curso superior completo ",83,null,{"v":36.88888888888889,"d":"36.9"}]
["Pessoa Jurídica",10,null,{"v":4.444444444444445,"d":"4.4"}]
["Proprietário residente na própria UPA ",26,null,{"v":11.555555555555555,"d":"11.6"}]
["Fonte: Secretaria de Agricultura e Abastecimento, CDRS/IEA, Projeto LUPA."]
[]
["TABELA 23.5 - Área Cultivada, Município de Analândia, Estado de São Paulo, 2007/08."]
["CULTURA","N.DE UPAs","MÍNIMO","MÉDIO","MÁXIMO","TOTAL"]
["Braquiaria",203,0.5,{"v":57.77,"d":"57.8"},{"v":700,"d":"700.0"},{"v":11727.8,"d":"11,727.8"}]
["Cana-de-acucar",118,0.5,{"v":60.99,"d":"61.0"},{"v":1430,"d":"1,430.0"},{"v":7196.5,"d":"7,196.5"}]
["Laranja",46,0.5,{"v":124.94,"d":"124.9"},{"v":1850,"d":"1,850.0"},{"v":5747.3,"d":"5,747.3"}]
["Eucalipto",96,0.5,{"v":32.87,"d":"32.9"},{"v":980,"d":"980.0"},{"v":3155.5,"d":"3,155.5"}]
["Milho",24,{"v":1,"d":"1.0"},12.5,{"v":130,"d":"130.0"},{"v":300,"d":"300.0"}]
["Cafe",20,0.5,{"v":6.48,"d":"6.5"},{"v":50,"d":"50.0"},129.5]
["Capim-gordura",1,{"v":100,"d":"100.0"},{"v":100,"d":"100.0"},{"v":100,"d":"100.0"},{"v":100,"d":"100.0"}]
["Coloniao",2,{"v":4,"d":"4.0"},{"v":27,"d":"27.0"},{"v":50,"d":"50.0"},{"v":54,"d":"54.0"}]
["Capim-napier (ou capim-elefante)",16,0.8,{"v":2.47,"d":"2.5"},5.8,39.5]
["Lichia",1,{"v":30,"d":"30.0"},{"v":30,"d":"30.0"},{"v":30,"d":"30.0"},{"v":30,"d":"30.0"}]
["Banana",2,{"v":3,"d":"3.0"},6.5,{"v":10,"d":"10.0"},{"v":13,"d":"13.0"}]
["Manga",1,{"v":12,"d":"12.0"},{"v":12,"d":"12.0"},{"v":12,"d":"12.0"},{"v":12,"d":"12.0"}]
["Outras gramineas para pastagem",2,1.3,{"v":5.65,"d":"5.7"},{"v":10,"d":"10.0"},11.3]
["Maracuja",5,{"v":1,"d":"1.0"},1.8,{"v":3,"d":"3.0"},{"v":9,"d":"9.0"}]
["Cidra",1,6.7,6.7,6.7,6.7]
["Pessego",2,{"v":1,"d":"1.0"},1.5,{"v":2,"d":"2.0"},{"v":3,"d":"3.0"}]
["Viveiro de flores e ornamentais",1,{"v":1,"d":"1.0"},{"v":1,"d":"1.0"},{"v":1,"d":"1.0"},{"v":1,"d":"1.0"}]
["Fonte: Secretaria de Agricultura e Abastecimento, CDRS/IEA, Projeto LUPA."]